1338 1787 1863 1370 1327 1386 1452 1207 1073 1551 1245 1302 1001 1688 1587 1839 1954 1799 1159 1266 1859 1044 1274 1336 1958 1027 1722 1617 1658 1938 1117 1169 1400 1888 1137 1045 1806 1307 1341 1428 1529 1502 1786 1974 1423 1689 1687 1611 1827 1646 1652 1962 1781 1539 1912 1421 1423 1691 1041 1653 1576 1005 1200 1348 1115 1993 1686 1225 1222 1589 1732 1574 1933 1364 1930 1439 1359 1767 1060 1588 1109 1943 1534 1262 1933 1889 1861 1820 1727 1767 1201 1161 1650 1121 1042 1887 1288 1948 1998 BCNSPRNW ULIB Ver.6.0+V

เปลี่ยนเป็นภาษาไทย

Change to English
 แสดงรายละเอียดบรรณานุกรม
  กลับหน้าหลัก

Brief Record : Get Marc (ISO 2709) : E-mail record : QR code < ปิดหน้าต่าง
LEADER : 00000nam 2200000uu 4500
001    13399129194
003     ULIB
008    260511s2568||||th 000 0 tha d
020    ^a9786164221185
060  4 ^aWB100^bฟ129
245 0  ^aFrom guidelines to practice: ^bการอบรมระยะสั้นอายุรศาสตร์ในเวชปฏิบัติ ครั้งที่ 26 /^cบรรณาธิการ เนาวนิตย์ นาทา ... [และคนอื่น ๆ].
246 3  ^aการอบรมระยะสั้นอายุรศาสตร์ในเวชปฏิบัติ ครั้งที่ 26
260    ^aกรุงเทพฯ :^bโครงการตำราวิทยาลัยแพทยศาสตร์พระมงกุฎเกล้า,^c2568.
300    ^a560 หน้า
650  4 ^aการรักษาโรค.
650  4 ^aการวินิจฉัยโรค.
650  4 ^aอายุรศาสตร์.
655  4 ^aHealth Sciences Branch.
700 0  ^aกฤษณ์ อุปัชฌาย์,^eบรรณาธิการ.
700 0  ^aชัชวาล อึ้งธรรมคุณ,^eบรรณาธิการ.
700 0  ^aดุจรัตน์ สมบูรณ์วิบูลย์,^eบรรณาธิการ.
700 0  ^aเนาวนิตย์ นาทา,^eบรรณาธิการ.
700 0  ^aวิชัย ประยูรวิวัฒน์,^eบรรณาธิการ.
710 2  ^aโครงการตำราวิทยาลัยแพทยศาสตร์พระมงกุฎเกล้า.
999    ^aประนอม เกษจรัล
รายการนี้ยังไม่มีแท็ก
คุณยังไม่ได้ล็อกอิน คุณสามารถมีกิจกรรมร่วมกับเว็บไซต์ได้ แต่ต้องล็อกอินก่อน ::
  ล็อกอิน

รายการสื่อสารสนเทศ

ลำดับที่ ประเภท เลขเรียก/บาร์โค้ด สถานที่ สถานะ
1. วิทยาศาสตร์การแพทย์ และสุขภาพ
หนังสือสำรอง
สถานะ=หนังสือสำรอง
WB100 ฟ129 ฉ.1 
  Barcode: 012096
ห้องสมุดวิทยาเขตสวรรค์ประชารักษ์
►หนังสือทั่วไป
บนชั้น
*เพิ่งรับคืน
2. วิทยาศาสตร์การแพทย์ และสุขภาพ
วิทยาศาสตร์การแพทย์ และสุขภาพ
WB100 ฟ129 ฉ.2 
  Barcode: 012097
ห้องสมุดวิทยาเขตสวรรค์ประชารักษ์
►หนังสือทั่วไป
บนชั้น
*เพิ่งรับคืน
3. วิทยาศาสตร์การแพทย์ และสุขภาพ
วิทยาศาสตร์การแพทย์ และสุขภาพ
WB100 ฟ129 ฉ.3 
  Barcode: 012098
ห้องสมุดวิทยาเขตสวรรค์ประชารักษ์
►หนังสือทั่วไป
บนชั้น
*เพิ่งรับคืน
4. วิทยาศาสตร์การแพทย์ และสุขภาพ
วิทยาศาสตร์การแพทย์ และสุขภาพ
WB100 ฟ129 ฉ.4 
  Barcode: 012099
ห้องสมุดวิทยาเขตสวรรค์ประชารักษ์
►หนังสือทั่วไป
บนชั้น
*เพิ่งรับคืน
5. วิทยาศาสตร์การแพทย์ และสุขภาพ
วิทยาศาสตร์การแพทย์ และสุขภาพ
WB100 ฟ129 ฉ.5 
  Barcode: 012100
ห้องสมุดวิทยาเขตสวรรค์ประชารักษ์
►หนังสือทั่วไป
บนชั้น
*เพิ่งรับคืน

รายการใกล้เคียง
    หัวเรื่อง [การรักษาโรค.]
    หัวเรื่อง [การวินิจฉัยโรค.]
    หัวเรื่อง [อายุรศาสตร์.]

BibComment


ยังไม่เคยถูกคอมเมนท์

คอมเมนท์ทรัพยากรรายการนี้
  คอมเมนท์: From guidelines ..


 Copyright 2026. Bcnsprnw @Library